| 000 | 00326nam a2200121Ia 4500 | ||
|---|---|---|---|
| 003 | GCL | ||
| 008 | 140319s9999 xx 000 0 eng d | ||
| 040 |
_aGCL / _cGCL |
||
| 082 | 0 | 4 |
_a621.4021 _bR T |
| 245 | 1 | 0 | _aThermady namics and heat Power, 4 th ed. |
| 260 |
_a[S.N] : _bMacmillan Publishing Company ، _c1993 |
||
| 300 | _a710 P | ||
| 999 |
_c16907 _d16907 |
||